000 00934nam a2200181 a 4500
008 120416s1998 ||||||||||||||||| || u
020 _a8170249619
050 _aTA 170 Env
245 0 0 _aEnvironment management with Indian experience
_cedited by Dilip Roy
260 _aNew Delhi
_bA.P.H. Publishing corporation
_c1998
300 _aix, 298 p. : ill.
350 _a0.00
650 _aENVIRONMENT
650 _aENVIRONMENTAL MANAGEMENT--INDIA
995 _aMAIN LIBRARY OPEN ACCESS
_D0.00
_e733165
_FCBU-MAIN LIBRARY (Kitwe)
_H1
_I90.00
_jTA 170 Env
_M1
_UAVAILABLE
_y44498
_ZMain Library Open Access Collection
995 _aMAIN LIBRARY OPEN ACCESS
_D0.00
_e733166
_FCBU-MAIN LIBRARY (Kitwe)
_H2
_I90.00
_jTA 170 Env
_M2
_UAVAILABLE
_y44496
_ZMain Library Open Access Collection
995 _aANNEX COLLECTION (Main Library)
_D0.00
_e733167
_FCBU-MAIN LIBRARY (Kitwe)
_H3
_I90.00
_jTA 170 Env
_M3
_UAVAILABLE
_WAug 9, 2006
_y44493
_ZAnnex Low-Usage Collection
999 _c62719
_d62719